00385nam a22001337a 450000500170000000800410001704100120005808200130007010000120008324500600009526000460015530000240020165000260022520240827130919.0240827b |||||||| |||| 00| 0 eng d aEnglish a349 LAW  lEnglish aJohannes Voet Commentary on the Pandects: Books 44 & 45 aCape Town: bJuta and Company Ltd, c1920 b226 pages; c25 cm. aLegal practice bLaw